Catálogo
 En Linea

El último tren de Sánchez : (Registro nro. 11827)

Detalles MARC
000 -CABECERA
campo de control de longitud fija 01466nam a2200313 a 4500
001 - NÚMERO DE CONTROL
campo de control 000012162
003 - IDENTIFICADOR DEL NÚMERO DE CONTROL
campo de control DO-SdBNP
005 - FECHA Y HORA DE LA ÚLTIMA TRANSACCIÓN
campo de control 20240412074230.0
007 - CAMPO FIJO DE DESCRIPCIÓN FÍSICA--INFORMACIÓN GENERAL
campo de control de longitud fija ta
008 - DATOS DE LONGITUD FIJA--INFORMACIÓN GENERAL
campo de control de longitud fija 091106s1995 dr r 000 j spa d
040 ## - FUENTE DE LA CATALOGACIÓN
Centro catalogador/agencia de origen DO-SdBNP
Lengua de catalogación spa
Centro/agencia transcriptor BNPHU
082 #4 - NÚMERO DE LA CLASIFICACIÓN DECIMAL DEWEY
Número de clasificación RD863.44
Número de documento/Ítem J61u
Número de edición 22
100 1# - ENTRADA PRINCIPAL--NOMBRE DE PERSONA
Nombre de persona Jiménez Espino, Rafael,
Fechas asociadas al nombre 1943-
9 (RLIN) 28746
245 13 - MENCIÓN DE TÍTULO
Título El último tren de Sánchez :
Resto del título cuentos y vivencias de mi pueblo /
Mención de responsabilidad, etc. Rafael Jiménez Espino (Persio) ; prólogo Esteban Michelena.
260 ## - PUBLICACIÓN, DISTRIBUCIÓN, ETC.
Lugar de publicación, distribución, etc. Santo Domingo :
Nombre del editor, distribuidor, etc. Banco de Reservas de la República Dominicana,
Fecha de publicación, distribución, etc. 1995.
300 ## - DESCRIPCIÓN FÍSICA
Extensión 180 p. ;
Dimensiones 23 cm.
490 1# - MENCIÓN DE SERIE
Mención de serie Arte y cultura ;
Designación de volumen o secuencia 1
500 ## - NOTA GENERAL
Nota general Incluye datos biográficos del autor en las solapas de las cubiertas.
500 ## - NOTA GENERAL
Nota general Esta colección es un programa cultural de la Dirección de Relaciones Públicas y Difusión.
505 ## - NOTA DE CONTENIDO CON FORMATO
Nota de contenido con formato Prólogo.
Título I. El Matrimonio.--
-- II. El General Alcántara.--
-- III. El Tío Luis.--
-- IV. Don Rafael.--
-- V. Sacarías y Doña Martha.--
-- VI. doña Chela.--
-- VII. La Virgen de la Fuente.--
-- VIII. Persio (el brujo más grande del pueblo).
590 ## - NOTA LOCAL (RLIN)
Nota local Inventariado, 2018/BT
650 #0 - PUNTO DE ACCESO ADICIONAL DE MATERIA--TÉRMINO DE MATERIA
Término de materia o nombre geográfico como elemento de entrada Cuentos dominicanos
9 (RLIN) 176
650 #0 - PUNTO DE ACCESO ADICIONAL DE MATERIA--TÉRMINO DE MATERIA
Término de materia o nombre geográfico como elemento de entrada Literatura dominicana.
9 (RLIN) 67
651 #4 - PUNTO DE ACCESO ADICIONAL DE MATERIA--NOMBRE GEOGRÁFICO
Nombre geográfico Santa Bárbara de Samaná (República Dominicana)
Subdivisión general Historia local
9 (RLIN) 28747
700 1# - PUNTO DE ACCESO ADICIONAL--NOMBRE DE PERSONA
Nombre de persona Michelena, Esteban,
Término indicativo de función/relación prólogo
9 (RLIN) 28748
830 #0 - PUNTO DE ACCESO ADICIONAL DE SERIE-TÍTULO UNIFORME
Título uniforme Banreservas
9 (RLIN) 9258
Nombre de parte o sección de la obra Arte y cultura ;
Número de parte o sección de la obra 1
910 ## - DATOS DE OPCIÓN DEL USUARIO (OCLC)
Datos de opción del usuario Validado. Control de calidad. EMS
942 ## - ELEMENTOS DE PUNTO DE ACCESO ADICIONAL (KOHA)
Fuente del sistema de clasificación o colocación Dewey Decimal Classification
Tipo de ítem Koha Libro
Existencias
Estado de retiro Estado de pérdida Fuente del sistema de clasificación o colocación Restricciones de uso No para préstamo Código de colección Localización permanente Ubicación/localización actual Ubicación en estantería Fecha de adquisición Signatura topográfica completa Código de barras Fecha visto por última vez Número de copia Precio válido a partir de Tipo de ítem Koha Fuente de adquisición
    Dewey Decimal Classification Préstamo en sala   Dominicana de Servicio Biblioteca Nacional Pedro Henríquez Ureña Biblioteca Nacional Pedro Henríquez Ureña Depósito 20.06.2018 BNPHU DS RD863.44 J61u 12162-30 25.06.2020 e.3 25.06.2020 Libro  
    Dewey Decimal Classification Préstamo en sala   Dominicana de Servicio Biblioteca Nacional Pedro Henríquez Ureña Biblioteca Nacional Pedro Henríquez Ureña Depósito 06.02.2019 BNPHU DS RD863.44 J61u 12162-40 25.06.2020 e.4 25.06.2020 Libro  
    Dewey Decimal Classification Excluido de préstamo   Patrimonio Dominicano Biblioteca Nacional Pedro Henríquez Ureña Biblioteca Nacional Pedro Henríquez Ureña Extraviado 06.11.2009 BNPHU PD RD863.44 J61u 12162-10 25.06.2020   25.06.2020 Libro  
    Dewey Decimal Classification Excluido de préstamo   Patrimonio Dominicano Biblioteca Nacional Pedro Henríquez Ureña Biblioteca Nacional Pedro Henríquez Ureña Extraviado 13.11.2009 BNPHU PD RD863.44 J61u 12162-20 25.06.2020 e.2 25.06.2020 Libro  
    Dewey Decimal Classification Préstamo en sala   Dominicana de Servicio Biblioteca Nacional Pedro Henríquez Ureña Biblioteca Nacional Pedro Henríquez Ureña Depósito 29.03.2022 BNPHU DS RD863.44 J61u 2023-0623 03.02.2023 e.5 03.02.2023 Libro Donación

Con tecnología Koha